| 000 | 01024nam a2200193 a 4500 | ||
|---|---|---|---|
| 008 | 161226t2007 ag |||g |||| 000 0 spa d | ||
| 020 | _a9789507531316 | ||
| 092 |
_c823 _l8 _sBOW |
||
| 100 | 1 |
_aBowler, Tim _93093 |
|
| 245 | 3 |
_aEl chico del río / _cTim Bowler |
|
| 250 |
_a1a ed. 1a reimp. _bTraducción Valeria Castelló-Joubert |
||
| 260 |
_aBuenos Aires: _bCántaro; _c2007. |
||
| 300 | _a172 p. | ||
| 500 | _aBowler, T. (2007). El chico del río. (1a ed.). Buenos Aires : Cántaro. | ||
| 505 | _aEl abuelo de Jessica está enfermo, pero se niega a permanecer en el hospital. Está decidido a concluir su pintura del chico del río aunque sea lo último que haga. Jessica no comprende bien su empecinamiento, pero pronto ella también se ve atrapada por la enigmática pintura. Entonces conoce al chico del río en persona y sabe que existe un desafío que debe completar antes de que sea demasiado tarde. | ||
| 590 | _aDonacion Marcela Debener. Proyecto 4to libro 2016 | ||
| 655 |
_aNovela _93091 |
||
| 942 |
_2ddc _cLIT |
||
| 999 |
_c2279 _d2279 |
||